Statistics for US State by Counties

Click here to take the quiz!

General Stats

  • This quiz has been taken 204 times
  • The average score is 16 of 25

Answer Stats

Counties State % Correct
Kalawao, Kaua‘i, MauiHawaii
96%
Madison, Tuscaloosa, JeffersonAlabama
86%
Mohave, Pima, MaricopaArizona
84%
Allegheny, Bucks, DelawarePennsylvania
82%
Atlantic, Essex, HudsonNew Jersey
80%
Will, DuPage, CookIllinois
78%
Essex, Worcester, SuffolkMassachusetts
78%
Litchfield, New London, FairfieldConnecticut
78%
Bexar, Travis, HarrisTexas
76%
Orange, Duval, HillsboroughFlorida
73%
Guilford, Mecklenburg, WakeNorth Carolina
68%
Androscoggin, Cumberland, KennebecMaine
68%
Kent, Sussex, New CastleDelaware
64%
Washtenaw, Wayne, OaklandMichigan
63%
Cape Girardeau, Jackson, ColeMissouri
63%
Lyon, Washoe, ClarkNevada
56%
Lane, Marion, MultnomahOregon
56%
Hardin, Jefferson, FranklinKentucky
52%
Shelby, Hamilton, DavidsonTennessee
51%
Pottawattamie, Linn, PolkIowa
47%
Faulkner, Benton, PulaskiArkansas
46%
Merrimack, Rockingham, HillsboroughNew Hampshire
45%
Cabell, Berkeley, KanawhaWest Virginia
43%
Sedgwick, Douglas, JohnsonKansas
39%
Cache, Weber, DavisUtah
35%

Score Distribution

Percentile by Number Answered

Percent of People with Each Score

Your Score History

You have not taken this quiz